| 000 | 00524nac a22001571u 4500 | ||
|---|---|---|---|
| 020 | _a032432331X | ||
| 082 |
_a658 _bD124 |
||
| 090 | _c181 | ||
| 100 | _aDaft, Richard L. | ||
| 245 |
_aThe new era of management/ _cRichard L. Daft |
||
| 250 | _aInternational edition | ||
| 260 |
_aAustralia: _bThomson,2006 _c2006 |
||
| 650 | _aManagement | ||
| 942 |
_cBB _k658D124 |
||
| 999 |
_c181 _d181 |
||